00317nam a2200109Ia 4500008004100000082000800041100001600049245002600065942000600091952009500097999001500192240331s9999 xx 000 0 und d bSUY aSuyamboo, P 0aMoli varalaatil Tamil cL 001040708LaWERCLbWERCLcSSCd2024-03-31l0o 809 SUYp5601r2024-03-31w2024-03-31yL c3668d3668